书目信息 |
| 题名: |
斯隆自传
|
|
| 作者: | 斯隆 著 ;卢双剑 著 | |
| 分册: | ||
| 出版信息: | 长春 北方妇女儿童出版社 2017.03 |
|
| 页数: | 13, 421页 | |
| 开本: | 22cm | |
| 丛书名: | ||
| 单 册: | ||
| 中图分类: | K837.125.38=533 | |
| 科图分类: | ||
| 主题词: | 企业家--qi ye jia--自传--美国--现代 | |
| 电子资源: | ||
| ISBN: | 978-7-5585-0079-4 | |
| 000 | 01395nam0 2200301 450 | |
| 001 | CAL 0120161946636 | |
| 005 | 20181203155905.10 | |
| 010 | @a978-7-5585-0079-4@b精装@dCNY68.00 | |
| 100 | @a20170310d2017 em y0chiy50 ea | |
| 101 | 1 | @achi@ceng |
| 102 | @aCN@b220000 | |
| 105 | @aa z 000ya | |
| 106 | @ar | |
| 200 | 1 | @a斯隆自传@Asi long zi zhuan@e我在通用汽车的岁月@d= Sloan@emy years with general motors@f(美) 艾尔弗雷德·P. 斯隆著@g卢双剑著@zeng |
| 210 | @a长春@c北方妇女儿童出版社@d2017.03 | |
| 215 | @a13, 421页@c图@d22cm | |
| 314 | @a艾尔弗雷德·P. 斯隆, 于1875年5月23日出生于美国康涅狄格州的纽海文, 10岁时随父母搬迁到纽约, 1895年毕业于麻省理工学院, 获电子工程学士学位。 | |
| 330 | @a本书是一个其他商业人士所无法讲述的故事。它是在一个在汽车产业中半个世纪的领导经历的结晶, 是对许多戏剧性事件以及创造性的企业经营深察的结晶。主要内容包括: 重大的机遇、组织的概念、产品政策及其由来等。 | |
| 500 | 10 | @aSloan : my years with general motors@mChinese |
| 517 | 1 | @a我在通用汽车的岁月@Awo zai tong yong qi che de sui yue |
| 600 | 1 | @a斯隆@Asi long@g(Sloan, Alfred P.),@f1875-1966@x自传 |
| 606 | 0 | @a企业家@Aqi ye jia@x自传@y美国@z现代 |
| 690 | @aK837.125.38=533@v5 | |
| 701 | 1 | @a斯隆@Asi long@g(Sloan, Alfred P.),@f1875-1966@4著 |
| 702 | 0 | @a卢双剑@Alu shuang jian@4著 |
| 801 | 0 | @aCN@b人天书店@c20170310@g |
| 905 | @aBZT@dK837.125.38=533@e2 | |
| 906 | @dCNY68.00@n3@r1 | |
| 斯隆自传:我在通用汽车的岁月= Sloan:my years with general motors/(美) 艾尔弗雷德·P. 斯隆著/卢双剑著.-长春:北方妇女儿童出版社,2017.03 |
| 13, 421页:图;22cm |
| ISBN 978-7-5585-0079-4(精装):CNY68.00 |
| 本书是一个其他商业人士所无法讲述的故事。它是在一个在汽车产业中半个世纪的领导经历的结晶, 是对许多戏剧性事件以及创造性的企业经营深察的结晶。主要内容包括: 重大的机遇、组织的概念、产品政策及其由来等。 |
| ● |
| 相关链接 |
|
|
|
正题名:斯隆自传
索取号:K837.125.38=533/2
 
预约/预借
| 序号 | 登录号 | 条形码 | 馆藏地/架位号 | 状态 | 备注 |
| 1 | 849134 | 2000849134 | 第二书库/ [索取号:K837.125.38=533/2] | 在馆 | |
| 2 | 849135 | 2000849135 | 第二书库/ [索取号:K837.125.38=533/2] | 在馆 | |
| 3 | 849136 | 2000849136 | 第二书库/ [索取号:K837.125.38=533/2] | 在馆 |